| 000 | 00395nam a2200181Ia 4500 | ||
|---|---|---|---|
| 008 | 210210b1903 xxu||||| |||| 00| 0 eng d | ||
| 041 | _aeng | ||
| 082 | _a825/809 | ||
| 100 | _aSPARK | ||
| 245 | _aTribute to Wordsworth | ||
| 260 |
_aLondon _b- _c1903 |
||
| 650 | _aWordsworth | ||
| 650 | _aTribute | ||
| 650 | _ato | ||
| 690 | _aEnglish Criticism | ||
| 700 | _aOthers | ||
| 906 | _a015124 | ||
| 999 |
_c134443 _d134443 |
||